Biochemistry, molecular biology, and genetics / (Record no. 44150)

MARC details
001 - CONTROL NUMBER
control field 23810585
003 - CONTROL NUMBER IDENTIFIER
control field 0000
005 - DATE AND TIME OF LATEST TRANSACTION
control field 20260317115935.0
008 - FIXED-LENGTH DATA ELEMENTS--GENERAL INFORMATION
fixed length control field 240801s2025 paua 001 0 eng
010 ## - LIBRARY OF CONGRESS CONTROL NUMBER
LC control number 2024035267
020 ## - INTERNATIONAL STANDARD BOOK NUMBER
International Standard Book Number 9781975219871
035 ## - SYSTEM CONTROL NUMBER
System control number 23810585
040 ## - CATALOGING SOURCE
Original cataloging agency DNLM/DLC
Language of cataloging eng
Description conventions rda
Transcribing agency DLC
Modifying agency DLC
042 ## - AUTHENTICATION CODE
Authentication code pcc
050 00 - LIBRARY OF CONGRESS CALL NUMBER
Classification number QP 518.3 .L54
Item number 2025
082 00 - DEWEY DECIMAL CLASSIFICATION NUMBER
Classification number 572.8076
Edition number 23/eng/20241009
100 1# - MAIN ENTRY--PERSONAL NAME
Personal name Lieberman, Michael,
Dates associated with a name 1950-
Relator term author.
245 10 - TITLE STATEMENT
Title Biochemistry, molecular biology, and genetics /
Statement of responsibility, etc Michael A. Lieberman, Emma C. Schoch.
250 ## - EDITION STATEMENT
Edition statement 8th ed.
264 #1 - PUBLICATION, DISTRIBUTION, ETC. (IMPRINT)
Place of publication, distribution, etc Philadelphia :
Name of publisher, distributor, etc Wolters Kluwer Health,
Date of publication, distribution, etc [2025]
300 ## - PHYSICAL DESCRIPTION
Extent xi, 416 pages :
Other physical details illustrations (chiefly color) ;
Dimensions 26 cm.
336 ## - CONTENT TYPE
Content type term text
Content type code txt
Source rdacontent
337 ## - MEDIA TYPE
Media type term unmediated
Media type code n
Source rdamedia
338 ## - CARRIER TYPE
Carrier type term volume
Carrier type code nc
Source rdacarrier
490 1# - SERIES STATEMENT
Series statement BRS
500 ## - GENERAL NOTE
General note Includes index.
505 0# - FORMATTED CONTENTS NOTE
Formatted contents note Fuel Metabolism And Nutrition : Basic Principles -- Basic Aspects Of Biochemistry : Organic Chemistry, Acid-Base Chemistry, Amino Acids, Protein Structure And Function, And Enzyme Kinetics -- Genome Maintenance (Replication), Gene Expression (Transcription), Synthesis Of Proteins (Translation), And Regulation Of Gene Expression -- Cell Biology, Signal Transduction, And The Molecular Biology Of Cancer -- Generation Of ATP From Metabolic Fuels And Oxygen Toxicity -- Carbohydrate Metabolism -- Lipid And Ethanol Metabolism -- Tissue Metabolism : Nitrogen-Containing Nutrient Absorption & Digestion, Pathologies Of Nitrogen Metabolism -- Human Genetics : An Introduction -- Comprehensive Examination.
520 ## - SUMMARY, ETC.
Summary, etc "BRS Biochemistry, Molecular Biology, and Genetics helps ensure excellence in class exams and on the USMLE Step 1. The Board Review Series outline format keeps content succinct and accessible for the most efficient review, accompanied by bolded key terms, detailed figures, quick-reference tables, and other aids that highlight important concepts and reinforce understanding.Each edition is updated to reflect the latest perspectives in biochemistry, molecular biology, and genetics, with a clinical emphasis essential to success in practice. Clinical Correlation boxes detail the real-world application of chapter concepts, and updated USMLE-style questions with answers test retention and enhance preparation for board exams and beyond. Chapter overviews, tables, algorithms, and other learning aids save time and simplify the review process"--
Assigning source Provided by publisher.
650 12 - SUBJECT ADDED ENTRY--TOPICAL TERM
Topical term or geographic name as entry element Biochemical Phenomena
650 22 - SUBJECT ADDED ENTRY--TOPICAL TERM
Topical term or geographic name as entry element Genetic Phenomena
655 #2 - INDEX TERM--GENRE/FORM
Genre/form data or focus term Examination Questions
655 #2 - INDEX TERM--GENRE/FORM
Genre/form data or focus term Outline
700 1# - ADDED ENTRY--PERSONAL NAME
Personal name Schoch, Emma C.,
Relator term author.
776 08 - ADDITIONAL PHYSICAL FORM ENTRY
Relationship information Online version:
Title Biochemistry, molecular biology, and genetics
Edition Eighth edition.
Place, publisher, and date of publication Philadelphia : Wolters Kluwer Health, [2025]
International Standard Book Number 9781975219888
Record control number (DLC) 2024035268
830 #0 - SERIES ADDED ENTRY--UNIFORM TITLE
Uniform title Board review series
906 ## - LOCAL DATA ELEMENT F, LDF (RLIN)
a 7
b cbc
c orignew
d 1
e ecip
f 20
g y-gencatlg
942 ## - ADDED ENTRY ELEMENTS (KOHA)
Source of classification or shelving scheme Library of Congress Classification
Koha item type Books
Holdings
Withdrawn status Lost status Source of classification or shelving scheme Damaged status Not for loan Permanent Location Current Location Date acquired Total Checkouts Full call number Barcode Date last seen Price effective from Koha item type
    Library of Congress Classification     NILE UNIVERSITY OF NIGERIA - MAIN LIBRARY NILE UNIVERSITY OF NIGERIA - MAIN LIBRARY 03/17/2026   QP 518.3 .L54 2025 0199503 03/17/2026 03/17/2026 Books